[Event "Mittelfranken-chTB2b 0809"]
[Site "Mittelfranken"]
[Date "2008.10.12"]
[Round "1.3"]
[White "Winkler, Markus"]
[Black "Cipra, Lothar"]
[Result "1/2-1/2"]
[WhiteElo "1862"]
[BlackElo "1916"]
[PlyCount "57"]
[EventDate "2008.10.12"]
[EventType "team"]
[EventRounds "9"]
[EventCountry "GER"]
[SourceTitle "EXT 2011"]
[Source "ChessBase"]
[SourceDate "2010.11.26"]
[SourceVersion "1"]
[SourceVersionDate "2010.11.26"]
[SourceQuality "1"]
[WhiteTeam "Lauf II"]
[BlackTeam "Schwanstetten"]
[WhiteTeamCountry "GER"]
[BlackTeamCountry "GER"]

1. e4 c5 2. Nf3 e6 3. d4 cxd4 4. Nxd4 a6 5. Nc3 Qc7 6. Bd3 Nf6 7. 0-0 Nc6 8. Nxc6 dxc6 9. Be3 e5 10. f3 Be6 11. Qe2 Be7 12. Rfd1 0-0 13. Qf2 b5 14. Bf1 Nh5 15. a3 f5 16. exf5 Bxf5 17. Bd3 Bxd3 18. Rxd3 Nf4 19. Rd2 Qc8 20. Bc5 Qe6 21. Bxe7 Qxe7 22. Ne4 Rad8 23. Rad1 Rxd2 24. Qxd2 Nd5 25. Nc3 Qc5+ 26. Qf2 Qxf2+ 27. Kxf2 Nxc3 28. bxc3 e4 29. Rd6 1/2-1/2

[Event "Mittelfrankenliga-B2a 0708"]
[Site "Mittelfranken"]
[Date "2008.03.02"]
[Round "7.5"]
[White "Bednarczuk, Jakub"]
[Black "Winkler, Markus"]
[Result "0-1"]
[WhiteElo "1785"]
[BlackElo "1862"]
[PlyCount "64"]
[EventDate "2007.10.14"]
[EventType "team-tourn"]
[EventRounds "9"]
[EventCountry "GER"]
[SourceTitle "EXT 2011"]
[Source "ChessBase"]
[SourceDate "2010.11.26"]
[SourceVersion "1"]
[SourceVersionDate "2010.11.26"]
[SourceQuality "1"]
[WhiteTeam "Erlangen Siemens"]
[BlackTeam "Lauf"]
[WhiteTeamCountry "GER"]
[BlackTeamCountry "GER"]

1. e4 c6 2. d4 d5 3. Nc3 dxe4 4. Nxe4 Nd7 5. Nf3 Ngf6 6. Bd3 Nxe4 7. Bxe4 Nf6 8. Qe2 Bg4 9. c3 e6 10. Bf4 Nd5 11. Bg3 Be7 12. h3 Bh5 13. 0-0 Qb6 14. Rfd1 Nf6 15. Rd2 0-0 16. Rad1 Qa5 17. Bb1 Qd5 18. Rd3 Bg6 19. R3d2 Bxb1 20. Rxb1 Qxa2 21. Rbd1 Qd5 22. Ne5 Ne4 23. Rd3 Nxg3 24. Rxg3 Bd6 25. Qg4 Bxe5 26. dxe5 Qxe5 27. Rd4 g6 28. f4 Qe1+ 29. Kh2 Rfd8 30. Rgd3 Rd5 31. Rd1 Qe3 32. R1d3 Qxd3 0-1

[Event "Mittelfrankenliga-B2a 0607"]
[Site "Mittelfranken"]
[Date "2007.03.25"]
[Round "8.5"]
[White "Niebler, Andreas"]
[Black "Winkler, Markus"]
[Result "1/2-1/2"]
[WhiteElo "1799"]
[BlackElo "1839"]
[PlyCount "68"]
[EventDate "2006.10.22"]
[EventType "team-tourn"]
[EventRounds "9"]
[EventCountry "GER"]
[SourceTitle "EXT 2011"]
[Source "ChessBase"]
[SourceDate "2010.11.26"]
[SourceVersion "1"]
[SourceVersionDate "2010.11.26"]
[SourceQuality "1"]
[WhiteTeam "Neumarkt"]
[BlackTeam "Lauf"]
[WhiteTeamCountry "GER"]
[BlackTeamCountry "GER"]

1. d4 Nf6 2. c4 g6 3. Nc3 Bg7 4. e4 d6 5. f3 Nbd7 6. Be3 0-0 7. Qd2 Re8 8. Nge2 e5 9. d5 a5 10. Nc1 b6 11. Be2 Nc5 12. 0-0 Nh5 13. g3 Nf6 14. Nd3 Nfd7 15. b3 Nxd3 16. Bxd3 Nc5 17. Bc2 Rf8 18. a3 Bh3 19. Rf2 f5 20. Bh6 fxe4 21. Nxe4 Nxe4 22. Bxe4 Bf5 23. Raf1 Qd7 24. Be3 Rf7 25. Qc2 Raf8 26. b4 Ra8 27. Qb3 axb4 28. axb4 Qa4 29. Rb1 Bh3 30. Qxa4 Rxa4 31. Re2 Bf5 32. Kg2 Rf8 33. g4 Bxe4 34. fxe4 Rfa8 1/2-1/2

[Event "Mittelfrankenliga-B2a 0607"]
[Site "Mittelfranken"]
[Date "2006.11.12"]
[Round "2.5"]
[White "Winkler, Markus"]
[Black "Sha, Siyu"]
[Result "1-0"]
[WhiteElo "1839"]
[BlackElo "1790"]
[PlyCount "85"]
[EventDate "2006.10.22"]
[EventType "team-tourn"]
[EventRounds "9"]
[EventCountry "GER"]
[SourceTitle "EXT 2011"]
[Source "ChessBase"]
[SourceDate "2010.11.26"]
[SourceVersion "1"]
[SourceVersionDate "2010.11.26"]
[SourceQuality "1"]
[WhiteTeam "Lauf"]
[BlackTeam "Nuernberg NT IV"]
[WhiteTeamCountry "GER"]
[BlackTeamCountry "GER"]

1. e4 c5 2. Nf3 e6 3. d4 cxd4 4. Nxd4 Nf6 5. Bd3 a6 6. 0-0 Qc7 7. Nc3 d6 8. Kh1 Nbd7 9. f3 b5 10. a3 Bb7 11. Be3 Be7 12. Rc1 Ne5 13. Na2 Nc4 14. Bxc4 bxc4 15. b4 0-0 16. Nc3 Rfd8 17. Qe1 d5 18. exd5 Nxd5 19. Nxd5 Rxd5 20. Ne2 Bd6 21. Qh4 Re5 22. Qf2 Rh5 23. h3 Qe7 24. Rfd1 a5 25. c3 axb4 26. axb4 Rd5 27. Bf4 Ra2 28. Bxd6 Qxd6 29. Rxd5 Qxd5 30. Qe3 h6 31. Nd4 e5 32. Nf5 Qe6 33. Ng3 f6 34. Ne4 Bxe4 35. Qxe4 Kf7 36. Rb1 Qa6 37. Qd5+ Kg6 38. b5 Qa5 39. Qxc4 Ra1 40. Rxa1 Qxa1+ 41. Kh2 Qa7 42. Qc6 Qa4 43. Qe4+ 1-0

[Event "Mittelfrankenliga-B2a 0506"]
[Site "Germany"]
[Date "2005.12.04"]
[Round "3.6"]
[White "Winkler, Markus"]
[Black "Moesl, Sebastian"]
[Result "1-0"]
[WhiteElo "1812"]
[BlackElo "1793"]
[PlyCount "119"]
[EventDate "2005.10.16"]
[EventType "team"]
[EventRounds "9"]
[EventCountry "GER"]
[SourceTitle "EXT 2007"]
[Source "ChessBase"]
[SourceDate "2006.11.23"]
[SourceVersion "1"]
[SourceVersionDate "2006.11.23"]
[SourceQuality "1"]

1. c4 d6 2. Nc3 Nf6 3. Nf3 g6 4. g3 Bg7 5. Bg2 c6 6. 0-0 0-0 7. d4 Nbd7 8. Re1 a6 9. b3 Qc7 10. Bb2 e5 11. d5 c5 12. Qc2 Ne8 13. Rad1 h6 14. Bc1 Nb6 15. Nh4 g5 16. Nf5 Bxf5 17. Qxf5 Qd7 18. Bh3 Qxf5 19. Bxf5 Nc8 20. g4 Nc7 21. Bd3 Ne7 22. Kg2 f5 23. gxf5 Nxf5 24. Bxf5 Rxf5 25. Ne4 Rd8 26. Rh1 Ne8 27. Rdf1 Rf7 28. h4 gxh4 29. Rxh4 Nf6 30. Rfh1 Nxe4 31. Rxe4 Rdf8 32. f3 Rf6 33. Rg4 Kh7 34. Bg5 Rg6 35. Be7 Rxg4+ 36. fxg4 Rf4 37. g5 Kg6 38. gxh6 Bxh6 39. Bxd6 Re4 40. Kf1 Be3 41. Bc7 b5 42. cxb5 axb5 43. Rh3 Bg5 44. d6 c4 45. Rg3 Rd4 46. Bd8 Rxd6 47. Bxg5 Rd1+ 48. Kf2 Ra1 49. Bd8+ Kf7 50. bxc4 bxc4 51. a3 Ke6 52. Ba5 Kd5 53. Bb4 Ra2 54. Rc3 Kd4 55. Rc1 Kd5 56. Ke3 Rb2 57. Rd1+ Kc6 58. Rd2 Rb3+ 59. Ke4 c3 60. Rc2 1-0